|
|
|
|
| LEADER |
01452nam a2200301 u 4500 |
| 001 |
10106922 |
| 003 |
upatras |
| 005 |
20210117204326.0 |
| 008 |
031127s2000 |
| 020 |
|
|
|a 0471006260
|
| 082 |
0 |
4 |
|a 519.2
|
| 100 |
1 |
|
|a McLachlan, Geoffrey J.
|d 1946-
|4 aut
|9 48674
|
| 245 |
1 |
0 |
|a Finite mixture models
|c Geoffrey McLachlan , David Peel
|
| 260 |
|
|
|a New York
|b John Wiley & Sons
|c c2000
|
| 300 |
|
|
|a xxii, 419p.
|b fig., tab.
|c 24 cm.
|
| 490 |
1 |
|
|a Wiley series in probability and statistics : applied probability and statistics section
|
| 500 |
|
|
|a Το αντίτυπο ΑΡΕ: 6956 έχει αγοραστεί απο ΕΑΙΤΥ-Αθήνα με κονδύλι απο ΤΕΤ.
|
| 504 |
|
|
|a Includes bibliographical references and index
|
| 650 |
|
4 |
|a Πιθανότητες
|9 199
|
| 700 |
1 |
|
|a Peel, David
|d 1971-
|4 aut
|9 48676
|
| 760 |
0 |
|
|a Wiley series in probability and statistics
|
| 852 |
|
|
|a GR-PaULI
|b ΠΑΤΡΑ
|b ΒΚΠ
|b ΒΣ1
|k ΑΣΧΞ
|h 519.2 MCL
|m 075924
|p 025000046665
|t 2
|
| 852 |
|
|
|a GR-PaULI
|b ΠΑΤΡΑ
|b ΤΜΗΥΠ
|h 519.2 MCL
|t 1
|
| 942 |
|
|
|2 ddc
|c BK15
|
| 952 |
|
|
|0 0
|1 0
|4 0
|6 519_200000000000000_MCL
|7 0
|9 141919
|a LISP
|b LISP
|c BSC
|d 2016-04-24
|i 075924
|l 0
|o 519.2 MCL
|p 025000046665
|r 2016-04-24 00:00:00
|t 2
|w 2016-04-24
|y BK15
|
| 952 |
|
|
|0 0
|1 0
|4 0
|6 519_200000000000000_MCL
|7 0
|9 141920
|a CEID
|b CEID
|d 2016-04-24
|l 0
|o 519.2 MCL
|r 2016-04-24 00:00:00
|t 1
|w 2016-04-24
|y BK15
|
| 998 |
|
|
|c ΒΑΣΙΛΕΙΟΥ
|d 2013-06
|
| 999 |
|
|
|c 92858
|d 92858
|